Hraničiarov učeň Ruiny Gorlanu

Bibliographic Details
Main Author: Flanagan, John (John Anthony), 1944-2026 (Author)
Other Authors: Svárovská, Ľubica (Translator)
Format: Book
Language:Slovak
English
Published: V Prahe Egmont 2022
Edition:3. vydanie
Subjects:

MARC

LEADER 00000nam a2200000 4500
001 vtls012159579
003 SK-MaSNL
005 20260411194841.0
008 230127s2022 xr a cr 000 fdslo
015 |a SNBA2024/01 
020 |a 9788025252864  |q (viazané) 
040 |a SNK  |b slo  |c SNK  |e rda 
041 1 |a slo  |k cze  |h eng 
044 |a xr  |c CZ 
072 7 |a 821.111-3  |x Anglická próza, anglicky písaná  |2 konspekt 
072 7 |a 821-93  |x Literatúra pre deti a mládež (beletria)  |2 konspekt 
080 |a 821.111(94)-31  |2 2011 
080 |a (0:82-312.9)  |2 2011 
080 |a 82-93-053.2/.6  |2 2011 
100 1 |a Flanagan, John  |q (John Anthony),  |d 1944-2026  |4 aut  |9 233137 
240 1 0 |a Ranger´s Apprentice. Ruins of Gorlan  |l Slovensky 
245 1 0 |a Hraničiarov učeň  |p Ruiny Gorlanu  |c John Flanagan ; z českého prekladu ... do slovenčiny preložila Ľubica Svárovská 
246 3 0 |a Ruiny Gorlanu 
250 |a 3. vydanie 
264 1 |a V Prahe  |b Egmont  |c 2022 
300 |a 272 strán  |b ilustrácie  |c 21 cm 
336 |a text  |b txt  |2 rdacontent 
337 |a bez média  |b n  |2 rdamedia 
338 |a zväzok  |b nc  |2 rdacarrier 
500 |a Biografické údaje o autorovi. Na chrbáte označenie: kniha 1. Vydalo nakladateľstvo Egmont v spoločnosti Albatros Media a. s. 
500 |a Preložené z českého prekladu anglického originálu 
521 8 |a Pre čitateľov od 10 rokov 
655 7 |a austrálske romány  |2 SNKPH  |9 1595 
655 7 |a fantasy romány  |2 SNKPH  |9 121434 
655 7 |a publikácie pre deti a mládež  |2 SNKPH  |9 70541 
655 7 |a Australian fiction  |2 SNKPHeng  |9 305156 
655 7 |a Fantasy novels  |2 SNKPHeng  |9 248525 
655 7 |a Publications for children and youth  |2 SNKPHeng  |9 285708 
700 1 |a Svárovská, Ľubica  |4 trl  |9 360142 
710 2 |a Egmont (Praha, Česko)  |4 pbl  |9 244522 
752 |a Česko  |d Praha 
787 0 8 |i Zo série:  |t Hraničiarov učeň  |g 1 
852 |a Slovenská národná knižnica 
919 |a 978-80-252-5286-4 
954 |a beletria cudzojazyčná (svetová)  |2 lita 
958 |a LX 
958 |a UP 
968 |a Slo  |b ENG  |c ČES 
999 |c 1130833  |d 1132763 
952 |a SNK  |b SNK  |y PREZ  |7 0  |p 17A1539401  |o snkSC 204315  |i snk2023/16839  |8 4  |g 16.64  |0 0  |1 0  |4 0  |d 2023-01-27  |l 0  |r 2025-10-28 00:00:00  |w 2026-02-24